| 000 | 01049cam a22002775a 4500 | ||
|---|---|---|---|
| 999 |
_c27388 _d27359 |
||
| 005 | 20190516112058.0 | ||
| 008 | 130206t2014 paua frb 001 0 eng d | ||
| 020 | _a9781451187533 | ||
| 020 | _a145118753X | ||
| 035 | _a(UkCU)5557052 | ||
| 040 |
_aStDuBDS _beng _cStDuBDS _dUkCU _dUk _dEG-ScBUE _dEG-ScBUE |
||
| 082 | 0 | 4 |
_a612.015 _bFER _222 |
| 100 | 1 |
_aFerrier, Denise R. _930039 |
|
| 245 | 1 | 0 |
_aBiochemistry / _cDenise R. Ferrier. |
| 250 | _a6th, International ed. | ||
| 260 |
_aPhiladelphia : _bWolters Kluwer / Lippincott Williams & Wilkins, _cc.2014. |
||
| 300 |
_a552 p. : _bill. (col.) ; _c28 cm. |
||
| 490 | 0 | _aLippincott's illustrated reviews | |
| 500 | _aIncludes access code for free online resources. | ||
| 504 | _aIncludes bibliographical references and index. | ||
| 520 | _aSuitable for the essentials of biochemistry, this title helps students quickly review, assimilate, and integrate large amounts of complex information. | ||
| 650 | 7 |
_aBiochemistry. _2BUEsh |
|
| 651 | _2BUEsh | ||
| 653 |
_bPPhrm _cApril2019 |
||
| 942 | _2ddc | ||